000
00308nam a2200133Ia 4500
005
20260326235444.0
008
260326s9999||||xx |||||||||||||| ||und||
100
_a
Sheine, Judith
245
0
_a
R.M. Schindler /
_c
Judith Sheine
260
_b
Phaidon
300
_a
303 p.
650
_a
ARQUITECTOS
942
_c
BK
999
_c
7513
_d
7513